[Event "R1D4 Luchon 1 - Loures-Barousse 1"]
[Site "?"]
[Date "2004.01.18"]
[Round "4.6"]
[White "David, Philippe"]
[Black "Durand, Christian"]
[Result "1-0"]
[WhiteElo "1280"]
[BlackElo "1499"]
[EventDate "2004.??.??"]
[PlyCount "89"]

1.e4 e5 2.Nf3 d6 3.d4 exd4 4.Nxd4 Nf6 5.Nc3 a6 6.Bc4 b5 7.Bd3 c5 8.Nf3 Bb7
9.Bg5 Be7 10.O-O O-O 11.Re1 c4 12.Be2 Nxe4 13.Nxe4 Bxe4 14.Bxe7 Qxe7 15.
Nd4 Qb7 16.Bf3 Bxf3 17.Qxf3 Qxf3 18.Nxf3 Nc6 19.c3 h6 20.Rad1 Rad8 21.Nd4 
Ne5 22.Nf5 Nd3 23.Re2 Rd7 24.Re7 Rxe7 25.Nxe7+ Kh7 26.Kf1 Re8 27.Nf5 Re6 
28.Nd4 Rf6 29.Rd2 d5 30.b4 cxb3 31.axb3 Rf4 32.Rxd3 Rf6 33.b4 g6 34.Nf3 
Rf5 35.Re3 Kg7 36.Re5 Rxe5 37.Nxe5 Kf6 38.Nd7+ Ke6 39.Nc5+ Kd6 40.Nxa6 f5 
41.Nc5 f4 42.f3 h5 43.Nd3 d4 44.cxd4 Kd5 45.h4 1-0

[Event "R1D4 Luchon 1 - Loures-Barousse 1"]
[Site "?"]
[Date "2004.01.18"]
[Round "4.5"]
[White "Dorleac, Joël"]
[Black "Cordier, Michel"]
[Result "1/2-1/2"]
[WhiteElo "1410"]
[BlackElo "1480"]
[EventDate "2004.??.??"]
[PlyCount "88"]

1.c4 Nf6 2.Nc3 e6 3.g3 c6 4.d4 d5 5.Bg2 dxc4 6.Nf3 Nbd7 7.Bg5 Be7 8.Nd2 
Nb6 9.Nde4 Nxe4 10.Bxe7 Qxe7 11.Nxe4 Nd5 12.O-O O-O 13.Nd2 b5 14.Ne4 Bd7 
15.Rc1 a5 16.b3 cxb3 17.Qxb3 a4 18.Qb2 b4 19.Rc4 Rfb8 20.Rb1 f5 21.Nc5 Rb5
22.Nxd7 Qxd7 23.Rbc1 a3 24.Qb3 Rc8 25.Bxd5 Qxd5 26.Qa4 h6 27.R1c2 Kf7 28.
Qa6 Rcb8 29.Qxc6 Qxc6 30.Rxc6 b3 31.axb3 Rxb3 32.Ra2 Ra8 33.Rcc2 Rab8 34.
Rc1 Ra8 35.Kg2 Rb2 36.Rca1 Rxa2 37.Rxa2 Ke7 38.f3 Kd6 39.e4 fxe4 40.fxe4 
e5 41.dxe5+ Kxe5 42.Kf3 Ra4 43.h3 g6 44.g4 g5 1/2-1/2

[Event "R1D4 Luchon 1 - Loures-Barousse 1"]
[Site "?"]
[Date "2004.01.18"]
[Round "4.4"]
[White "Durand, Stéphane"]
[Black "Miquel, Pierre"]
[Result "*"]
[WhiteElo "1530"]
[BlackElo "1499"]
[EventDate "2004.??.??"]
[PlyCount "96"]

1.e4 e6 2.d4 d5 3.e5 c5 4.c3 Nc6 5.Nf3 Qb6 6.a3 Bd7 7.Be2 Nge7 8.b4 cxd4 
9.cxd4 Nf5 10.Bb2 Rc8 11.O-O Be7 12.Qd3 a6 13.Nbd2 O-O 14.Nb3 Na7 15.Bd1 
Bb5 16.Qd2 Bxf1 17.Kxf1 Nc6 18.Bc2 f6 19.Bd3 fxe5 20.dxe5 Qd8 21.Qe2 Nh4 
22.Nfd4 Nxd4 23.Nxd4 Qb6 24.Qg4 Nf5 25.Bxf5 exf5 26.Nxf5 Rxf5 27.Qxf5 Rf8 
28.Qc2 Bg5 29.Re1 Qh6 30.Kg1 Qb6 31.e6 Qd6 32.Qe2 Be7 33.Qg4 g6 34.Qh3 Rf5
35.Qc3 Bf6 36.Qc8+ Qf8 37.Qc2 Bxb2 38.Qxb2 Qe7 39.Qc3 Rf8 40.Qe5 Rf5 41.
Qb8+ Rf8 42.Qe5 Rf5 43.Qd4 h5 44.Re5 Qf6 45.Rxd5 Rxd5 46.e7 Rxd4 47.e8=Q+ 
Kh7 48.Qe1 Qe5 *

[Event "R1D4 Luchon 1 - Loures-Barousse 1"]
[Site "?"]
[Date "2004.01.18"]
[Round "4.3"]
[White "Lefauqueur, Alain"]
[Black "Condeminas, Christian"]
[Result "0-1"]
[WhiteElo "1470"]
[BlackElo "1660"]
[EventDate "2004.??.??"]
[PlyCount "64"]

1.e4 e6 2.d4 d5 3.Nc3 Bb4 4.exd5 Qxd5 5.Nf3 Bxc3+ 6.bxc3 c5 7.c4 Qd6 8.d5 
Nf6 9.Bb2 exd5 10.cxd5 O-O 11.c4 Bg4 12.Be5 Re8 13.Qe2 Qb6 14.Qe3 Nbd7 15.
Qc3 Bxf3 16.gxf3 Rxe5+ 17.Kd2 Qb4 18.Qxb4 cxb4 19.Rb1 a5 20.Bd3 Nc5 21.Bc2
Rae8 22.Bd1 Nfd7 23.Rg1 Rh5 24.Rg2 Rh4 25.Rg4 Rxh2 26.Re4 Nxe4+ 27.fxe4 
Rxe4 28.Kd3 Nc5+ 29.Kd2 Rxf2+ 30.Be2 Rfxe2+ 31.Kd1 Re1+ 32.Kc2 R4e2# 0-1

[Event "R1D4 Luchon 1 - Loures-Barousse 1"]
[Site "?"]
[Date "2004.01.18"]
[Round "4.2"]
[White "Ribou, Jacques"]
[Black "Moreau, Philippe"]
[Result "1-0"]
[WhiteElo "1850"]
[BlackElo "1670"]
[EventDate "2004.??.??"]
[PlyCount "107"]

1.e4 g6 2.d4 Bg7 3.Nc3 d6 4.Be3 Nf6 5.Qd2 Ng4 6.Bf4 e5 7.dxe5 Bxe5 8.Bxe5 
Nxe5 9.O-O-O Be6 10.Kb1 Qf6 11.Nd5 Bxd5 12.exd5 O-O 13.h4 h5 14.f3 Nbd7 
15.Qd4 Rfe8 16.Ne2 b5 17.b3 a5 18.Nc3 a4 19.Bxb5 axb3 20.cxb3 Reb8 21.Bxd7
Nxd7 22.Qxf6 Nxf6 23.Rhe1 Re8 24.Rxe8+ Rxe8 25.Kb2 Nd7 26.a4 Kg7 27.b4 Kf6
28.a5 Kf5 29.Rd2 Kf4 30.a6 Kg3 31.Nb5 Nb6 32.Nxc7 Rc8 33.Rc2 Kxh4 34.a7 
Kg3 35.Rc6 Na8 36.Nxa8 Rxa8 37.Rc7 Kxg2 38.b5 h4 39.Rxf7 h3 40.b6 h2 41.
Rh7 h1=Q 42.Rxh1 Kxh1 43.b7 Rxa7 44.b8=Q Re7 45.Qxd6 Re2+ 46.Kc3 Re3+ 47.
Kd4 Rxf3 48.Qxg6 Rg3 49.Qe4+ Kh2 50.Qf4 Kh1 51.Qf1+ Kh2 52.Qf4 Kh1 53.Qh4+
Kg2 54.Qxg3+ 1-0

[Event "R1B4 Villeneuve-Tolosane 1 - Albi 2"]
[Site "Villeneuve-Tolosane 1"]
[Date "2004.01.18"]
[Round "4.6"]
[White "Grondin, Luciano"]
[Black "Mosset, Claude"]
[Result "0-1"]
[WhiteElo "1430"]
[BlackElo "1499"]
[EventDate "2004.??.??"]
[PlyCount "112"]

1.e4 e5 2.Nc3 Nc6 3.Bc4 Nf6 4.d3 Be7 5.f4 d6 6.Nf3 Bg4 7.Bb5 O-O 8.Bxc6 
bxc6 9.O-O d5 10.Qe1 Bc5+ 11.Kh1 Bxf3 12.Rxf3 Qe7 13.fxe5 Ng4 14.exd5 Nxe5
15.Rf4 Bd6 16.Rh4 Rfe8 17.Ne4 cxd5 18.Nxd6 cxd6 19.Bd2 Ng6 20.Qxe7 Rxe7 
21.Rd4 Re2 22.Bc3 Rf2 23.Kg1 Rf5 24.Rf1 Rh5 25.Re1 Ne5 26.Rxd5 Nf3+ 27.
gxf3 Rxd5 28.Re4 Rg5+ 29.Kf2 d5 30.Re7 a6 31.Bb4 Rc8 32.c3 d4 33.c4 h5 34.
Rd7 Rc6 35.Bd2 Rf5 36.Rxd4 g5 37.Kg3 Kg7 38.a4 Re6 39.b4 Re2 40.c5 Rxd2 
41.c6 h4+ 42.Kg4 Kg6 43.c7 Rg2+ 44.Kh3 Rc2 45.Rc4 Rxf3+ 46.Kg4 Rf4+ 47.
Rxf4 gxf4 48.c8=Q Rxc8 49.b5 axb5 50.axb5 Rb8 51.Kxf4 f5 52.Ke5 Rxb5+ 53.
Kf4 Rb2 54.Kf3 Kg5 55.h3 Rb3 56.Ke2 Kf4 0-1

[Event "R1B4 Villeneuve-Tolosane 1 - Albi 2"]
[Site "Villeneuve-Tolosane 1"]
[Date "2004.01.18"]
[Round "4.5"]
[White "Granjan, Martine"]
[Black "Eb-Levadoux, Yvan"]
[Result "0-1"]
[WhiteElo "1450"]
[BlackElo "1360"]
[EventDate "2004.??.??"]
[PlyCount "108"]

1.e4 c5 2.Nf3 Nc6 3.Bc4 d6 4.h3 Nf6 5.Nc3 a6 6.O-O b5 7.Be2 g6 8.d4 cxd4 
9.Nxd4 Nxd4 10.Qxd4 e5 11.Qd1 Be6 12.Be3 Bg7 13.f4 b4 14.fxe5 dxe5 15.
Qxd8+ Rxd8 16.Na4 Nxe4 17.Rad1 Rxd1 18.Rxd1 O-O 19.b3 Nc3 20.Nxc3 bxc3 21.
Bxa6 Ra8 22.Rd6 Bf8 23.Rc6 Bd5 24.Rb6 Be7 25.a4 Bd8 26.Rd6 Be4 27.Bd3 Bxd3
28.Rxd3 Rc8 29.Kf2 Kg7 30.g4 Bh4+ 31.Kf3 h5 32.gxh5 gxh5 33.Ke4 Bf6 34.Kf5
Rc6 35.Bg5 Bxg5 36.Kxg5 Rc5 37.Kf5 Kf8 38.Kf6 Ke8 39.Re3 Kd7 40.Rxe5 Rc8 
41.Kxf7 Kd6 42.Rxh5 Rc7+ 43.Kf6 Rb7 44.Rb5 Rh7 45.Rb4 Rxh3 46.Rd4+ Kc5 47.
Ke5 Rh5+ 48.Ke4 Rh4+ 49.Kd3 Rxd4+ 50.Kxc3 Rh4 51.a5 Kb5 52.Kb2 Kxa5 53.c4 
Kb4 54.Kc2 Rh3 0-1

[Event "R1B4 Villeneuve-Tolosane 1 - Albi 2"]
[Site "Villeneuve-Tolosane 1"]
[Date "2004.01.18"]
[Round "4.4"]
[White "Lopez, Jacky"]
[Black "Faure, Stéphane"]
[Result "1-0"]
[WhiteElo "1500"]
[BlackElo "1490"]
[EventDate "2004.??.??"]
[PlyCount "63"]

1.d4 Nf6 2.c4 g6 3.Nc3 Bg7 4.Bg5 d6 5.Nf3 O-O 6.e3 Nbd7 7.Be2 e5 8.dxe5 
dxe5 9.e4 c6 10.O-O h6 11.Bh4 Qe8 12.h3 Nc5 13.Bxf6 Bxf6 14.Qd6 Ne6 15.
Nxe5 Be7 16.Qd2 Kg7 17.Nf3 Bc5 18.Rfe1 g5 19.g3 f6 20.Rad1 h5 21.Nh2 Nd4 
22.Kg2 Qe6 23.g4 h4 24.f4 gxf4 25.Qxf4 Bd6 26.Qf2 Qe5 27.Rh1 Nxe2 28.Qxe2 
Qg3+ 29.Kf1 Qxh3+ 30.Qg2 Bxh2 31.Qxh3 Bg3 32.Ne2 1-0

[Event "R1B4 Villeneuve-Tolosane 1 - Albi 2"]
[Site "Villeneuve-Tolosane 1"]
[Date "2004.01.18"]
[Round "4.3"]
[White "Taïeb, Marcel"]
[Black "Reyna, Quentin"]
[Result "1/2-1/2"]
[WhiteElo "1600"]
[BlackElo "1499"]
[EventDate "2004.??.??"]
[PlyCount "54"]

1.d4 Nf6 2.c4 e6 3.Nc3 Bb4 4.Qc2 d5 5.Bg5 b6 6.e3 Bb7 7.Nf3 c5 8.a3 Bxc3+ 
9.bxc3 dxc4 10.Bxc4 Nbd7 11.Bb5 cxd4 12.cxd4 Rc8 13.Qa4 a6 14.Bxd7+ Qxd7 
15.Qb4 Bxf3 16.gxf3 Nd5 17.Qb2 Qc6 18.O-O h6 19.Rfc1 Qb7 20.Bh4 O-O 21.Bg3
b5 22.Rxc8 Rxc8 23.Rc1 Rxc1+ 24.Qxc1 b4 25.e4 Nc3 26.Qb2 a5 27.Bd6 b3 
1/2-1/2

[Event "R1B4 Villeneuve-Tolosane 1 - Albi 2"]
[Site "Villeneuve-Tolosane 1"]
[Date "2004.01.18"]
[Round "4.2"]
[White "Martinez, Loïc"]
[Black "Brochet, Thierry"]
[Result "1-0"]
[WhiteElo "1570"]
[BlackElo "1800"]
[EventDate "2004.??.??"]
[PlyCount "125"]

1.e4 c5 2.Nf3 d6 3.d4 cxd4 4.Nxd4 Nf6 5.Nc3 g6 6.Bc4 Bg7 7.O-O O-O 8.Be3 
Nxe4 9.Nxe4 d5 10.Nb5 a6 11.Qxd5 Qxd5 12.Bxd5 axb5 13.c3 Nc6 14.Bc5 Re8 
15.a3 Bf5 16.Ng3 Bd7 17.Rfe1 e6 18.Bf3 Bf8 19.Ne4 Bxc5 20.Nxc5 Bc8 21.Rad1
Ra7 22.Ne4 Kg7 23.Nd6 Rf8 24.Nxb5 Ra6 25.Nd6 Ne7 26.Nxc8 Nxc8 27.Bxb7 Rb6 
28.Bxc8 Rxc8 29.Rd2 Rb3 30.h3 Rcb8 31.Ree2 R8b7 32.g3 Kf6 33.Kg2 Rc7 34.
Re4 Rb5 35.Rb4 Rbc5 36.Rdd4 Re5 37.Re4 Rd5 38.Rbd4 Rb5 39.Rd2 Rbc5 40.f4 
Rb5 41.Rb4 Rbc5 42.Rdd4 e5 43.Re4 exf4 44.gxf4 Rd5 45.Rbd4 Rdc5 46.c4 Kg7 
47.b4 R5c6 48.c5 Ra6 49.Re3 Rca7 50.Rdd3 Rc7 51.Kg3 h6 52.h4 Kf8 53.b5 Ra5
54.b6 Rcxc5 55.b7 Rcb5 56.Rd8+ Kg7 57.b8=Q Rxb8 58.Rxb8 Ra4 59.Rb4 Ra5 60.
a4 g5 61.hxg5 hxg5 62.fxg5 Rxg5+ 63.Rg4 1-0

[Event "R1B4 Villeneuve-Tolosane 1 - Albi 2"]
[Site "Villeneuve-Tolosane 1"]
[Date "2004.01.18"]
[Round "4.1"]
[White "Lamy, Loïc"]
[Black "Aurejac, Pierre"]
[Result "1/2-1/2"]
[WhiteElo "1980"]
[BlackElo "1500"]
[EventDate "2004.??.??"]
[PlyCount "107"]

1.e4 c6 2.d4 d5 3.e5 Bf5 4.Nc3 e6 5.g4 Bg6 6.Nge2 h6 7.Nf4 Bh7 8.a3 c5 9.
Bb5+ Nc6 10.Be3 cxd4 11.Bxd4 Ne7 12.Na4 Qa5+ 13.Nc3 a6 14.Ba4 b5 15.Bb3 
Nxd4 16.Qxd4 Nc6 17.Qd2 Nxe5 18.O-O-O Nc4 19.Qe2 Bxa3 20.Bxc4 Qxc3 21.bxa3
Qxc4 22.Qxc4 bxc4 23.Kb2 Ke7 24.Rhe1 Be4 25.Nxd5+ Bxd5 26.Rxd5 Rhd8 27.
Rxd8 Rxd8 28.Kc3 Rc8 29.Re4 g5 30.Rxc4 Rxc4+ 31.Kxc4 Kd6 32.Kb4 f5 33.h3 
f4 34.Kc4 Ke5 35.f3 Kd6 36.Kd4 a5 37.a4 e5+ 38.Ke4 Kc5 39.Kxe5 Kb4 40.Kd6 
Kc3 41.Kc5 Kxc2 42.Kb5 Kd3 43.Kxa5 Ke3 44.Kb4 Kxf3 45.a5 Kg3 46.a6 f3 47.
a7 f2 48.a8=Q f1=Q 49.Qe8 Qxh3 50.Qe3+ Kxg4 51.Qe6+ Kg3 52.Qe3+ Kh4 53.
Qe1+ Qg3 54.Qh1+ 1/2-1/2

[Event "R1A4 Millau - Castelsarrasin-Moissac 2"]
[Site "?"]
[Date "2004.01.18"]
[Round "4.6"]
[White "Brach, Manuel"]
[Black "Foghe Duval, Yann"]
[Result "1-0"]
[WhiteElo "1599"]
[BlackElo "1499"]
[EventDate "2004.??.??"]
[PlyCount "101"]

1.c4 e5 2.Nc3 Nc6 3.e3 d6 4.Nf3 Nf6 5.b3 Be6 6.d4 exd4 7.exd4 d5 8.Be2 Bb4
9.Bb2 O-O 10.O-O Ne7 11.Ne5 c6 12.a3 Ba5 13.b4 Bc7 14.c5 a6 15.Bd3 g6 16.
Ne2 Nh5 17.Bc1 f6 18.Nf3 Nf5 19.g4 Nxd4 20.Nexd4 Bxg4 21.Qc2 Qe8 22.Bh6 
Ng7 23.Nh4 Qe5 24.Ndf3 Bxf3 25.Nxf3 Qh5 26.Bxg7 Kxg7 27.Be2 Rae8 28.Kh1 
Re4 29.Rg1 Rfe8 30.Bd1 Re1 31.Qd2 Rxg1+ 32.Kxg1 Qg4+ 33.Kf1 Bf4 34.Qd3 
Qh3+ 35.Kg1 Re1+ 36.Nxe1 Qxh2+ 37.Kf1 Qh1+ 38.Ke2 Qh5+ 39.Qf3 Qe5+ 40.Kf1 
Qxa1 41.Nc2 Qe5 42.Ne1 Qd4 43.Be2 h5 44.Qg2 Bg5 45.Qg3 Kh6 46.Qb8 Bh4 47.
Qh8+ Kg5 48.Nf3+ Kg4 49.Nxd4+ Kf4 50.Qh6+ Ke4 51.Qe3# 1-0

[Event "R1A4 Millau - Castelsarrasin-Moissac 2"]
[Site "?"]
[Date "2004.01.18"]
[Round "4.5"]
[White "Hazak, Marcel"]
[Black "Cebollero, Daniel"]
[Result "1/2-1/2"]
[WhiteElo "1499"]
[BlackElo "1330"]
[EventDate "2004.??.??"]
[PlyCount "47"]

1.Nf3 d5 2.d4 c6 3.Bf4 Bf5 4.e3 Nf6 5.c4 e6 6.c5 Be7 7.Nc3 Nbd7 8.b4 O-O 
9.a4 b6 10.Be2 bxc5 11.bxc5 Qa5 12.Qc1 Ne4 13.Ra3 Ndf6 14.O-O Nh5 15.Nxe4 
dxe4 16.Nd2 Nxf4 17.exf4 Rad8 18.Nb3 Qb4 19.Rd1 Bf6 20.f3 Bxd4+ 21.Nxd4 
Qxd4+ 22.Qe3 Qb4 23.g4 Bg6 24.h4 {illisible : d'apres les deux feuilles de
parties, les noirs jouent g2 puis g5 ???????} 1/2-1/2

[Event "R1A4 Millau - Castelsarrasin-Moissac 2"]
[Site "?"]
[Date "2004.01.18"]
[Round "4.4"]
[White "Dirat, Alain"]
[Black "Balard, Philippe"]
[Result "1-0"]
[WhiteElo "1499"]
[BlackElo "1690"]
[EventDate "2004.??.??"]
[PlyCount "72"]

1.d4 d5 2.Bg5 f6 3.Bh4 Bf5 4.e3 e6 5.a3 Bd6 6.c4 b6 7.cxd5 exd5 8.Nc3 c6 
9.Qf3 Ne7 10.g4 Bg6 11.Nge2 O-O 12.Bg2 Qe8 13.O-O Nd7 14.Bg3 Bxg3 15.Qxg3 
Qc8 16.Qd6 Re8 17.Rfc1 a6 18.Nxd5 Nxd5 19.Bxd5+ Kh8 20.Rxc6 Qd8 21.Rc7 Nf8
22.Qxd8 Raxd8 23.Nf4 a5 24.Bc6 Ne6 25.Nxg6+ hxg6 26.Bxe8 Nxc7 27.Bxg6 Rd5 
28.f4 Rd8 29.Rc1 Nd5 30.Kf2 Kg8 31.Be4 Ne7 32.Rc7 Kf8 33.h4 g6 34.g5 f5 
35.Bf3 Rc8 36.Rxc8+ Nxc8 1-0

[Event "R1A4 Millau - Castelsarrasin-Moissac 2"]
[Site "?"]
[Date "2004.01.18"]
[Round "4.3"]
[White "Croux, Laurent"]
[Black "Vainguer, Guillaume"]
[Result "1-0"]
[WhiteElo "1720"]
[BlackElo "1690"]
[EventDate "2004.??.??"]
[PlyCount "39"]

1.d4 d5 2.Nf3 Nf6 3.e3 Bf5 4.Bd3 Ne4 5.Nbd2 e6 6.Ne5 Nd7 7.O-O Nxe5 8.dxe5
Qg5 9.f4 Qg6 10.Nxe4 Bxe4 11.Bxe4 Qxe4 12.Qe2 Bc5 13.Qb5+ c6 14.Qxc5 a6 
15.Bd2 f5 16.Qd6 Kf7 17.Qd7+ Kg6 18.Qxe6+ Kh5 19.Qf7+ g6 20.Qf6 1-0

[Event "R1A4 Millau - Castelsarrasin-Moissac 2"]
[Site "?"]
[Date "2004.01.18"]
[Round "4.2"]
[White "Catala, Laurent"]
[Black "Chorazy, André"]
[Result "1-0"]
[WhiteElo "2020"]
[BlackElo "1780"]
[EventDate "2004.??.??"]
[PlyCount "43"]

1.e4 d5 2.exd5 Nf6 3.Nc3 Nxd5 4.Nxd5 Qxd5 5.Qf3 e6 6.c3 Nd7 7.d4 Bd6 8.Bd3
O-O 9.Be4 Qb5 10.Nh3 f5 11.Bd3 Qd5 12.Qh5 Nf6 13.Qh4 e5 14.Bc2 c5 15.dxc5 
Qxc5 16.Be3 Qc6 17.Bb3+ Kh8 18.O-O f4 19.Bd2 Re8 20.Ng5 g6 21.Nf7+ Kg7 22.
Qh6+ 1-0

[Event "R1A4 Millau - Castelsarrasin-Moissac 2"]
[Site "?"]
[Date "2004.01.18"]
[Round "4.1"]
[White "Carriere, Jean-Philippe"]
[Black "Lacroix, Romain"]
[Result "1/2-1/2"]
[WhiteElo "1942"]
[BlackElo "2038"]
[EventDate "2004.??.??"]
[PlyCount "94"]

1.e4 e5 2.Nf3 Nf6 3.Nxe5 d6 4.Nf3 Nxe4 5.d4 d5 6.Bd3 Bd6 7.O-O O-O 8.c4 c6
9.Nc3 Nxc3 10.bxc3 dxc4 11.Bxc4 Bg4 12.Qd3 Nd7 13.Re1 Qa5 14.Bb2 Qh5 15.h3
Bxf3 16.Qxf3 Qxf3 17.gxf3 Rfe8 18.a4 Nb6 19.Bb3 Nd5 20.Re4 Nf4 21.h4 Rxe4 
22.fxe4 Be7 23.Kf1 Bxh4 24.Ba3 Re8 25.f3 h5 26.c4 Bg3 27.Bc1 h4 28.Bxf4 
Bxf4 29.Kg2 Rd8 30.Rd1 c5 31.d5 Rd6 32.Kh3 g5 33.Rb1 Rb6 34.Bc2 Rxb1 35.
Bxb1 Kg7 36.Bd3 Kf6 37.Kg4 Ke5 38.Bf1 a6 39.Bg2 f6 40.Bf1 Kd4 41.Kf5 h3 
42.Bxh3 Kxc4 43.Bf1+ Kd4 44.Kxf6 c4 45.Bxc4 Kxc4 46.Ke6 Kb4 47.d6 Kxa4 
1/2-1/2

[Event "R1A4 Albi - Montech"]
[Site "?"]
[Date "2004.01.18"]
[Round "4.5"]
[White "Peccini, Jean-Pierre"]
[Black "Mauriange, Frédéric"]
[Result "1-0"]
[WhiteElo "1600"]
[BlackElo "1299"]
[EventDate "2004.??.??"]
[PlyCount "81"]

1.c4 c5 2.Nf3 Nc6 3.g3 Nf6 4.d3 d5 5.cxd5 Nxd5 6.Nc3 e6 7.Bg2 Qa5 8.Bd2 
Nxc3 9.Bxc3 Qc7 10.O-O e5 11.e3 Be7 12.Qd2 Bf5 13.e4 Bg4 14.Qc2 Nd4 15.
Bxd4 Bxf3 16.Bxf3 exd4 17.Qa4+ Kd8 18.Qc4 Rf8 19.Qd5+ Bd6 20.e5 Qc6 21.
Qxc6 bxc6 22.Bxc6 Rc8 23.Bb7 Rb8 24.exd6 Rxb7 25.Rfc1 Rb6 26.Rxc5 Rxb2 27.
Rc7 f5 28.Rxa7 Re8 29.Rxg7 Ree2 30.Rf1 f4 31.gxf4 h5 32.f5 h4 33.h3 Rxa2 
34.f6 Rad2 35.f7 Rxd3 36.f8=Q+ Re8 37.Qf6+ Kc8 38.Qf5+ Kd8 39.Qxd3 Re7 40.
dxe7+ Ke8 41.Qb5# 1-0

[Event "R1A4 Albi - Montech"]
[Site "?"]
[Date "2004.01.18"]
[Round "4.4"]
[White "Wacker, Antoine"]
[Black "Fabre, Philippe"]
[Result "0-1"]
[WhiteElo "1299"]
[BlackElo "1720"]
[EventDate "2004.??.??"]
[PlyCount "104"]

1.e4 e6 2.Nh3 d5 3.Bd3 c5 4.b3 Nc6 5.Bb2 d4 6.Na3 e5 7.Qf3 Nf6 8.Qg3 a6 9.
Nc4 Qc7 10.c3 b5 11.Na3 Be7 12.cxd4 cxd4 13.O-O O-O 14.Rac1 Qd6 15.Nc2 b4 
16.a3 a5 17.a4 Be6 18.Na1 Rac8 19.f3 Nh5 20.Qf2 Bxh3 21.gxh3 Nf4 22.Qg3 
Nxd3 23.Rc2 Nxb2 24.Rxb2 Qg6 25.d3 Qxg3+ 26.hxg3 Nb8 27.Nc2 Rc3 28.Ne1 
Rfc8 29.Kg2 Nd7 30.f4 f6 31.fxe5 fxe5 32.Rf5 Rf8 33.h4 Rxf5 34.exf5 Nc5 
35.Kf3 e4+ 36.Kg4 Nxd3 37.Nxd3 Rxd3 38.Rc2 Rc3 39.Rd2 Bf6 40.Kf4 e3 41.Re2
h5 42.g4 hxg4 43.Kxg4 Rxb3 44.Kh5 Rc3 45.Kg6 Bxh4 46.Rh2 Bf6 47.Rh4 Bxh4 
48.f6 Bxf6 49.Kf5 e2 50.Ke4 e1=Q+ 51.Kf4 Qe5+ 52.Kg4 Rg3# 0-1

[Event "R1A4 Albi - Montech"]
[Site "?"]
[Date "2004.01.18"]
[Round "4.3"]
[White "Lefevre, Gérard"]
[Black "Sauty, Francis"]
[Result "1/2-1/2"]
[WhiteElo "1800"]
[BlackElo "1280"]
[EventDate "2004.??.??"]
[PlyCount "99"]

1.d4 g6 2.e4 Bg7 3.c4 d6 4.Nc3 Nf6 5.f4 b6 6.e5 dxe5 7.fxe5 Ng4 8.h3 Nh6 
9.Nf3 Nf5 10.g4 Ng3 11.Rg1 Nxf1 12.Rxf1 Bb7 13.d5 Nd7 14.Bf4 a5 15.Qe2 Nc5
16.O-O-O O-O 17.h4 Qc8 18.Nd4 Qd7 19.Rh1 c6 20.dxc6 Bxc6 21.Nxc6 Qxc6 22.
Nd5 Rfe8 23.Qg2 Qe6 24.b3 Rac8 25.Rhe1 b5 26.Ne3 bxc4 27.Nxc4 a4 28.Qd5 
Qxg4 29.Be3 Ne6 30.Qb5 axb3 31.axb3 Qxh4 32.Kb2 Qh2+ 33.Rd2 Qg3 34.Rg1 Qh3
35.Rdg2 Qf3 36.Rf2 Qe4 37.Rgf1 Nd4 38.Qa5 Rb8 39.Bxd4 Qxd4+ 40.Qc3 Qxc3+ 
41.Kxc3 f5 42.Kc2 Rec8 43.Re2 Rb5 44.Rfe1 h5 45.e6 Ra8 46.Rb1 Ra2+ 47.Kd1 
Ra1 48.Rxa1 Bxa1 49.Kc2 Bf6 50.Nd2 1/2-1/2

[Event "R1A4 Albi - Montech"]
[Site "?"]
[Date "2004.01.18"]
[Round "4.2"]
[White "Truong, Thierry"]
[Black "Schegerin, André"]
[Result "0-1"]
[WhiteElo "1410"]
[BlackElo "1800"]
[EventDate "2004.??.??"]
[PlyCount "50"]

1.c4 f5 2.Nf3 Nf6 3.Nc3 e6 4.d3 Bb4 5.Bd2 b6 6.g3 Nc6 7.Bg2 O-O 8.O-O Bb7 
9.Re1 Ne7 10.a3 Bxc3 11.Bxc3 Ng6 12.e3 Qe7 13.Rb1 Rad8 14.Bb4 c5 15.Bc3 d6
16.Qc2 e5 17.Nd2 Bxg2 18.Kxg2 Qb7+ 19.Kg1 f4 20.exf4 exf4 21.Rf1 Ng4 22.
Ne4 N6e5 23.Qe2 f3 24.Qd2 h5 25.b4 Qc8 0-1

[Event "R1A4 Albi - Montech"]
[Site "?"]
[Date "2004.01.18"]
[Round "4.1"]
[White "Huchet, François"]
[Black "Auge, Jean"]
[Result "0-1"]
[WhiteElo "2050"]
[BlackElo "1930"]
[EventDate "2004.??.??"]
[PlyCount "145"]

1.e4 d5 2.exd5 Qxd5 3.Nc3 Qa5 4.d4 Nf6 5.Nf3 Bg4 6.Be2 Nbd7 7.Bd2 c6 8.Ne4
Qb6 9.Nxf6+ Nxf6 10.c3 e6 11.Ne5 Bxe2 12.Qxe2 Qc7 13.Bg5 Bd6 14.Bxf6 gxf6 
15.Nc4 O-O-O 16.Nxd6+ Qxd6 17.Qf3 e5 18.O-O-O exd4 19.Rxd4 Qe6 20.Ra4 a6 
21.Qe4 Rhe8 22.Qxe6+ fxe6 23.Rd1 Rg8 24.g3 Rxd1+ 25.Kxd1 Rg7 26.Ke2 Kd7 
27.Rd4+ Ke7 28.Kd3 e5 29.Re4 Ke6 30.f4 Rd7+ 31.Ke3 Rd1 32.fxe5 fxe5 33.Rb4
b5 34.Rh4 Rb1 35.b4 Rb2 36.Rxh7 Kd5 37.h4 Rxa2 38.Rd7+ Ke6 39.Rg7 a5 40.
bxa5 Rxa5 41.h5 Ra3 42.Rg6+ Kd5 43.h6 Rxc3+ 44.Kd2 Ra3 45.h7 Ra2+ 46.Ke3 
Rh2 47.Rg7 b4 48.g4 b3 49.Rb7 b2 50.Rxb2 Rxh7 51.Rd2+ Ke6 52.Rc2 Kd6 53.
Ke4 Rg7 54.Kf5 Rf7+ 55.Kg6 Rf4 56.g5 e4 57.Kh7 c5 58.g6 Rg4 59.g7 Kd5 60.
g8=Q+ Rxg8 61.Kxg8 e3 62.Kf7 c4 63.Kf6 Kd4 64.Kf5 Kd3 65.Rc1 e2 66.Kf4 Kd2
67.Rxc4 e1=Q 68.Re4 Qf2+ 69.Ke5 Kd3 70.Ra4 Qc5+ 71.Kf4 Qd6+ 72.Kg5 Qe7+ 
73.Kf5 0-1

[Event "Régionale 1 - 2004"]
[Site "?"]
[Date "2004.01.18"]
[Round "4"]
[White "Sylvain, Christophe"]
[Black "Trier, Marc"]
[Result "0-1"]
[WhiteElo "1580"]
[BlackElo "1620"]
[EventDate "2004.??.??"]
[Annotator ",OL"]
[PlyCount "82"]

1.c4 Nf6 2.g3 g6 3.Bg2 Bg7 4.Nc3 e5 5.e3 O-O 6.Nge2 d6 7.O-O Nc6 8.a3 a6 
9.b3 Ne7 10.f4 Rb8 11.fxe5 dxe5 12.d3 Bf5 13.e4 Bg4 14.h3 Be6 15.Bb2 Nc6 
16.Rb1 Qd7 17.Nd5 Ne8 18.g4 Ne7 19.d4 f6 20.dxe5 fxe5 21.Rxf8+ Kxf8 22.
Qf1+ Kg8 23.Rd1 Bxd5 24.exd5 Qd6 25.Ng3 Qb6+ 26.Kh1 Qxb3 27.Qe2 Qxg3 28.
Rd3 Qf4 29.Rf3 Qg5 30.Re3 Nd6 31.c5 Nc4 32.Qxc4 Qxe3 33.d6+ Kh8 34.dxe7 
Qf4 35.Qe6 Re8 36.Qd5 Qf6 37.Qxb7 Qxe7 38.Qxa6 Qxc5 39.Bc6 Rd8 40.Qb7 Rd1+
41.Kh2 Qg1# 0-1

[Event "Régionale 1 - 2004"]
[Site "?"]
[Date "2004.01.18"]
[Round "4"]
[White "Le Digabel, Patrick"]
[Black "Lamata, Fabrice"]
[Result "0-1"]
[WhiteElo "1460"]
[BlackElo "1490"]
[EventDate "2004.??.??"]
[Annotator ",OL"]
[PlyCount "126"]

1.e4 e5 2.Nf3 Nc6 3.Bc4 h6 4.Nc3 Nf6 5.d3 Bb4 6.Bd2 d6 7.h3 Bd7 8.a3 Bxc3 
9.Bxc3 a6 10.O-O g5 11.Nh2 Qc8 12.Qf3 Qd8 13.Rad1 Qe7 14.Rfe1 O-O-O 15.d4 
Rhg8 16.Qd3 Nb8 17.Re3 g4 18.hxg4 Nxg4 19.Nxg4 Rxg4 20.Rg3 Rdg8 21.Rxg4 
Rxg4 22.g3 h5 23.Qf1 h4 24.Be2 Rg8 25.Qg2 hxg3 26.fxg3 Qg5 27.Be1 Qe3+ 28.
Kf1 Rh8 29.Bf2 Qh6 30.Ke1 Nc6 31.dxe5 Nxe5 32.Bd4 f6 33.Qf2 Rf8 34.Be3 
Qh1+ 35.Kd2 Qxe4 36.Kc1 Ba4 37.Rd2 Qc6 38.Bd1 Bb5 39.Qf5+ Kb8 40.Kb1 Nc4 
41.Re2 Qh1 42.Kc1 Nxa3 43.Rd2 Nc4 44.Qd3 Nxd2 45.Qxd2 Qe4 46.Bf4 Qa4 47.
Kb1 Bd7 48.Bxd6 Rc8 49.Be7 Be6 50.b3 Qd7 51.Qxd7 Bxd7 52.Bxf6 Rg8 53.Be5 
Kc8 54.Kc1 Kd8 55.Kd2 c6 56.Ke3 Rf8 57.Bf4 b5 58.Kd4 Kc8 59.Bd6 Rg8 60.Kc5
Kb7 61.b4 Rg5+ 62.Kd4 Rd5+ 63.Ke4 Rxd1 0-1

[Event "Régionale 1 - 2004"]
[Site "?"]
[Date "2004.01.18"]
[Round "4"]
[White "Lacresse, Régis"]
[Black "Rahal, Sami-Antoine"]
[Result "1-0"]
[WhiteElo "1850"]
[BlackElo "1690"]
[EventDate "2004.??.??"]
[Annotator ",OL"]
[PlyCount "99"]

1.e4 b6 2.Be2 Bb7 3.Bf3 e6 4.d4 Nf6 5.e5 Bxf3 6.Qxf3 Nd5 7.a3 Nc6 8.Ne2 
Nde7 9.c3 Nf5 10.Nd2 Be7 11.b4 b5 12.Qd3 a6 13.f4 d5 14.exd6 cxd6 15.d5 
Nb8 16.Qe4 Nd7 17.dxe6 fxe6 18.Qxe6 Rf8 19.Ne4 Qb6 20.g4 Nh4 21.Kd1 Qc7 
22.Re1 d5 23.Qxd5 O-O-O 24.Nd4 Nb6 25.Qe6+ Kb7 26.Qxe7 Qxe7 27.Nc5+ Qxc5 
28.bxc5 Na4 29.Re7+ Kc8 30.Kc2 Nxc5 31.Rxg7 Rfe8 32.Rxh7 Ng2 33.Rh3 Ne1+ 
34.Kd1 Nb3 35.Ra2 Nxd4 36.cxd4 Rxd4+ 37.Rd2 Rxf4 38.Rc2+ Nxc2 39.Bxf4 Nd4 
40.Rc3+ Kb7 41.g5 a5 42.g6 b4 43.axb4 axb4 44.Rc4 Nc6 45.h4 b3 46.g7 Kb6 
47.h5 Kb5 48.Rxc6 Kxc6 49.h6 Kd5 50.h7 1-0

[Event "Régionale 1 - 2004"]
[Site "?"]
[Date "2004.01.18"]
[Round "4"]
[White "Galby, Vassili"]
[Black "Fora, Jean-Paul"]
[Result "1-0"]
[WhiteElo "1730"]
[BlackElo "1590"]
[EventDate "2004.??.??"]
[Annotator ",OL"]
[PlyCount "107"]

1.e4 c6 2.d4 d5 3.Nc3 dxe4 4.Nxe4 Bf5 5.Ng3 Bg6 6.Nf3 h6 7.h4 Nd7 8.h5 Bh7
9.Bd3 Bxd3 10.Qxd3 Qc7 11.Bd2 e6 12.O-O-O Ngf6 13.Kb1 O-O-O 14.Ne4 Nxe4 
15.Qxe4 Be7 16.Ne5 Nxe5 17.Bf4 Bd6 18.Bxe5 Bxe5 19.Qxe5 Qxe5 20.dxe5 Rxd1+
21.Rxd1 Rd8 22.Rxd8+ Kxd8 23.c3 c5 24.b3 b5 25.Kb2 Kc7 26.c4 a6 27.Kc3 Kb6
28.f4 Kc6 29.g4 Kd7 30.cxb5 axb5 31.a4 Kc6 32.axb5+ Kxb5 33.g5 Ka5 34.g6 
fxg6 35.hxg6 h5 36.f5 h4 37.f6 h3 38.fxg7 h2 39.g8=Q h1=Q 40.Qd8+ Kb5 41.
Qd7+ Ka5 42.Qa7+ Kb5 43.Qd7+ Ka5 44.Qxe6 Qc1+ 45.Kd3 Qf1+ 46.Ke4 Qg2+ 47.
Kf5 Qh3+ 48.Kf6 Qf3+ 49.Kg7 Qb7+ 50.Qf7 Qe4 51.e6 Qe5+ 52.Qf6 Qc7+ 53.e7 
Kb4 54.Qe6 1-0